| 000 | 00848nam a22001337a 4500 | ||
|---|---|---|---|
| 999 |
_c528935 _d528935 |
||
| 008 | 250203b ||||| |||| 00| 0 eng d | ||
| 100 |
_a Gupta, Krishna Kumar _950516 |
||
| 245 | _a Kisan credit card for members of cooperative societies in India | ||
| 260 | _aThe Cooperator | ||
| 300 | _a61(10), Apr, 2024: p.5-12 | ||
| 520 | _a The concept of Ksian credit cards 9KCC) was introduced in the agriculture sector in the year 1998 with the imitative of NABARD. The scheme envisaged issuance of KCC by the banks to the farmers that carried a pre-fixed cre3dit limit based on a farmer’s landholding as per his capacity to purchase agricultural inputs from any supplier or even draw cash amount, as per his instant crop production requirement, from the bank up to his cre3dit limit. – Reproduced | ||
| 773 | _aThe Cooperator | ||
| 942 | _cAR | ||